| 000 | 00373nam a2200157Ia 4500 | ||
|---|---|---|---|
| 008 | 210210b1942 xxu||||| |||| 00| 0 eng d | ||
| 041 | _aeng | ||
| 082 | _a825/332 | ||
| 100 | _aFORSTER (E M) | ||
| 245 | _aViginia woolf | ||
| 260 |
_aCambridge _bAt the University Press _c1942 |
||
| 650 | _awoolf | ||
| 650 | _aViginia | ||
| 690 | _aEnglish Criticism | ||
| 906 | _a014648 | ||
| 999 |
_c133863 _d133863 |
||